LEADER 02626nam 2200589Ia 450 001 9910783209603321 005 20230617020009.0 010 $a1-280-51488-4 010 $a9786610514885 010 $a1-84544-233-4 035 $a(CKB)1000000000032623 035 $a(EBL)231863 035 $a(OCoLC)475938064 035 $a(SSID)ssj0000331687 035 $a(PQKBManifestationID)11242115 035 $a(PQKBTitleCode)TC0000331687 035 $a(PQKBWorkID)10331145 035 $a(PQKB)10011611 035 $a(MiAaPQ)EBC231863 035 $a(Au-PeEL)EBL231863 035 $a(CaPaEBR)ebr10073889 035 $a(CaONFJC)MIL51488 035 $a(OCoLC)567842804 035 $a(EXLCZ)991000000000032623 100 $a20000815d2004 uy 0 101 0 $aeng 135 $aur|n|---||||| 181 $ctxt 182 $cc 183 $acr 200 00$aLibrary evaluation in practice$b[electronic resource] $eelectronic information services in higher education, proceedings of the eVALUEd Conferences /$fGuest editors, Sarah McNicol and Pete Dalton 210 $aBradford, England $cEmerald Group Publishing$dc2004 215 $a1 online resource (63 p.) 225 0 $aVINE: the journal of information and knowledge management systems ;$vv.34, no. 4 300 $aDescription based upon print version of record. 311 $a1-84544-071-4 327 $aContents; Abstracts & keywords; Editorial; Evaluating the Joint Information Systems Committee's Information Environment; E-measures; The impact of the JUBILEE Toolkit in institutions; Getting the value from evaluation; Strategies for collecting networked statistics; The eVALUEd toolkit; Counting on making a difference; COUNTER; E-measures: a comprehensive waste of time?; Evaluation in the Arts and Humanities Data Service 330 $aThe emergence of electronic information services (EIS) in academic libraries has been accompanied by a growing interest in, and need for, research in this area. One of the key issues for both researchers and practitioners is keeping abreast of the development of EIS in a rapidly changing, uncertain environment.Previously published in: Vine, Volume 34, Number 4, 2004 606 $aLibraries$xStandards 606 $aLibrary surveys 615 0$aLibraries$xStandards. 615 0$aLibrary surveys. 676 $a025.524 701 $aDalton$b Pete$01468512 701 $aMcNicol$b Sarah$01468513 801 0$bMiAaPQ 801 1$bMiAaPQ 801 2$bMiAaPQ 906 $aBOOK 912 $a9910783209603321 996 $aLibrary evaluation in practice$93679794 997 $aUNINA LEADER 06459oam 22013934 450 001 9910792645203321 005 20230810001724.0 010 $a1-4755-5849-X 035 $a(CKB)3710000001018419 035 $a(MiAaPQ)EBC4787872 035 $a(Au-PeEL)EBL4787872 035 $a(CaPaEBR)ebr11331573 035 $a(CaONFJC)MIL988435 035 $a(OCoLC)969443888 035 $a(IMF)MCISIEE 035 $a(EXLCZ)993710000001018419 100 $a20020129d2017 uf 0 101 0 $aeng 135 $aurcnu|||||||| 181 $2rdacontent 182 $2rdamedia 183 $2rdacarrier 200 10$aModernizing China : $eInvesting in Soft Infrastructure /$fWaikei Lam, Markus Rodlauer, Alfred Schipke 210 1$aWashington, D.C. :$cInternational Monetary Fund,$d2017. 215 $a1 online resource (389 pages) $ccolor illustrations 311 $a1-5135-3994-9 311 $a1-4755-5854-6 320 $aIncludes bibliographical references and index. 330 3 $aChina is at a critical juncture in its economic transformation as it tries to rebalance what is generally seen as an exhausted growth model. A unifying theme across the reforms that will deliver this transformation is that it can no longer be achieved by raising the amount of physical investment and government direction of resource allocation. Instead China is building a new set of policy frameworks that will allow markets to function more effectively?not unfettered markets, but markets that work efficiently, in line with broad social and other policy goals, and in a sustainable way. Hence, China is now building a new soft infrastructure, that is, the institutional plumbing that underpins and guides the functioning of markets as the key organizing principle toward achieving sustained economic and social progress. Against this background, this volume provides policymakers, academics, and the public with valuable information about policies and institutions in China today. It also looks at the road ahead and key principles that can help China in navigating it. The book focuses on issues crucial in the country?s transformation, such as tax policy and administration, social security, state-owned enterprise reform, medium-term expenditure frameworks, the role of local government finances, capital account liberalization, and renminbi internationalization. As China moves toward a more price-based allocation of resources, strengthening monetary policy frameworks and financial sector regulation will be particularly important in channeling resources to the most productive sectors and minimizing the risks of financial sector stress. Also, upgrading statistical frameworks will be critical for macroeconomic policymaking and investors.

Visit : http://www.elibrary.imf.org/page/modernizing-china. 410 0$aBooks 606 $aInfrastructure (Economics)$zChina 606 $aCorporate governance 606 $aFiscal policy$zChina 606 $aMonetary policy$zChina 606 $aBanks and Banking$2imf 606 $aBudgeting$2imf 606 $aExports and Imports$2imf 606 $aPublic Finance$2imf 606 $aTaxation$2imf 606 $aMacroeconomics$2imf 606 $aTaxation, Subsidies, and Revenue: General$2imf 606 $aInterest Rates: Determination, Term Structure, and Effects$2imf 606 $aBanks$2imf 606 $aDepository Institutions$2imf 606 $aMicro Finance Institutions$2imf 606 $aMortgages$2imf 606 $aForecasts of Budgets, Deficits, and Debt$2imf 606 $aData Collection and Data Estimation Methodology$2imf 606 $aComputer Programs: Other$2imf 606 $aFiscal Policy$2imf 606 $aPublic finance & taxation$2imf 606 $aBudgeting & financial management$2imf 606 $aFinance$2imf 606 $aInternational economics$2imf 606 $aTax administration core functions$2imf 606 $aMedium-term budget frameworks$2imf 606 $aBanking$2imf 606 $aPension spending$2imf 606 $aBudget planning and preparation$2imf 606 $aRevenue administration$2imf 606 $aPublic financial management (PFM)$2imf 606 $aExpenditure$2imf 606 $aPersonal income$2imf 606 $aNational accounts$2imf 606 $aBudget$2imf 606 $aTax administration and procedure$2imf 606 $aPensions$2imf 606 $aInterest rates$2imf 606 $aIncome tax$2imf 607 $aChina$xEconomic conditions 607 $aChina, People's Republic of$2imf 615 0$aInfrastructure (Economics) 615 0$aCorporate governance. 615 0$aFiscal policy 615 0$aMonetary policy 615 7$aBanks and Banking 615 7$aBudgeting 615 7$aExports and Imports 615 7$aPublic Finance 615 7$aTaxation 615 7$aMacroeconomics 615 7$aTaxation, Subsidies, and Revenue: General 615 7$aInterest Rates: Determination, Term Structure, and Effects 615 7$aBanks 615 7$aDepository Institutions 615 7$aMicro Finance Institutions 615 7$aMortgages 615 7$aForecasts of Budgets, Deficits, and Debt 615 7$aData Collection and Data Estimation Methodology 615 7$aComputer Programs: Other 615 7$aFiscal Policy 615 7$aPublic finance & taxation 615 7$aBudgeting & financial management 615 7$aFinance 615 7$aInternational economics 615 7$aTax administration core functions 615 7$aMedium-term budget frameworks 615 7$aBanking 615 7$aPension spending 615 7$aBudget planning and preparation 615 7$aRevenue administration 615 7$aPublic financial management (PFM) 615 7$aExpenditure 615 7$aPersonal income 615 7$aNational accounts 615 7$aBudget 615 7$aTax administration and procedure 615 7$aPensions 615 7$aInterest rates 615 7$aIncome tax 700 $aLam$b Waikei$01449953 701 $aRodlauer$b Markus$01489566 701 $aSchipke$b Alfred$01501097 712 02$aInternational Monetary Fund. 801 0$bDcWaIMF 906 $aBOOK 912 $a9910792645203321 996 $aModernizing China$93780322 997 $aUNINA